| 000 | 01028nam a22002657a 4500 | ||
|---|---|---|---|
| 001 | BD-DhSAU | ||
| 003 | BD-DhSAU | ||
| 005 | 20250114153234.0 | ||
| 008 | 150420b2005 bg ||||| m||| 00| 0 eng d | ||
| 040 | _aBD-DhSAU | ||
| 082 |
_222 _a635 _bIs74 |
||
| 100 |
_aKAKOLI, ISRAT JAHAN _eRegistration No. # 16-07029 |
||
| 245 |
_aEffect of sowing time and nutrients on the
growth and yield of butternut squash
(cucurbita moschata) /
_bMS thesis |
||
| 260 |
_aSher-e-Bangla Agricultural University: _bDepartment of Horticulture, _c2023. |
||
| 300 |
_axii, 78p. ; _c30 cm. |
||
| 500 | _aMS thesis of Horticulture, Faculty of Agriculture , Sher-e-Bangla Agricultural University, Dhaka, Bangladesh | ||
| 504 | _aIncludes bibliographical reference. | ||
| 590 | _aNazmul | ||
| 650 | _asowing time and nutrients | ||
| 651 | _abutternut squash (cucurbita moschata) | ||
| 700 |
_aProf. Dr. Tahmina Mostarin _eSuperviser |
||
| 700 |
_aProf. Dr. Khaleda Khatun _eCo-superviser |
||
| 942 |
_2ddc _cTHESIS |
||
| 999 |
_c17755 _d17754 |
||